000 00465nam a2200169Ia 4500
999 _c34857
_d34857
003 OSt
005 20200204152419.0
008 190216s9999||||xx |||||||||||||| ||und||
040 _coclc
082 _a327
_bSRI/I
100 _aSrivastava, L S
_91818
245 0 _aInternational Politics And Relations /
_cL S Srivastava
260 _bGoel Publication,
300 _a217p
650 _aPolitics
942 _cBK
_2ddc
_h327
_iSRI/I
_k327
_mSRI/I